|
|
|
|
| LEADER |
02356nam a2200589 i 4500 |
| 001 |
nkc20162791014 |
| 003 |
CZ PrNK |
| 005 |
20181206235007.0 |
| 007 |
ta |
| 008 |
160607s2016 xr ach f 001 0 cze |
| 015 |
|
|
|a cnb002791014
|
| 020 |
|
|
|a 978-80-200-2612-5
|q (Academia ;
|q vázáno)
|
| 020 |
|
|
|a 978-80-7101-157-6
|q (Uměleckoprůmyslové museum ;
|q vázáno)
|
| 035 |
|
|
|a (OCoLC)972574399
|
| 040 |
|
|
|a ABA001
|b cze
|d BOA001
|e rda
|
| 041 |
0 |
|
|a cze
|b eng
|
| 043 |
|
|
|a e-xr---
|
| 045 |
|
|
|a x-x-
|
| 072 |
|
7 |
|a 7.01/.09
|x Umění
|2 Konspekt
|9 21
|
| 080 |
|
|
|a 7.05
|2 MRF
|
| 080 |
|
|
|a (437.3)
|2 MRF
|
| 080 |
|
|
|a (048.8:082)
|2 MRF
|
| 245 |
0 |
0 |
|a Design v českých zemích 1900-2000 :
|b instituce moderního designu /
|c Iva Knobloch, Radim Vondráček (eds.)
|
| 246 |
3 |
0 |
|a Instituce moderního designu
|
| 246 |
1 |
8 |
|a Design
|
| 250 |
|
|
|a Vydání 1.
|
| 264 |
|
1 |
|a V Praze :
|b Academia :
|b Uměleckoprůmyslové museum,
|c 2016
|
| 300 |
|
|
|a 658 stran :
|b ilustrace (převážně barevné), portréty, faksimile ;
|c 29 cm
|
| 336 |
|
|
|a text
|b txt
|2 rdacontent
|
| 336 |
|
|
|a statický obraz
|b sti
|2 rdacontent
|
| 337 |
|
|
|a bez média
|b n
|2 rdamedia
|
| 338 |
|
|
|a svazek
|b nc
|2 rdacarrier
|
| 504 |
|
|
|a Obsahuje bibliografii, bibliografické odkazy a rejstřík
|
| 546 |
|
|
|a Anglické resumé
|
| 648 |
|
7 |
|a 20. století
|7 ch460558
|2 czenas
|
| 650 |
0 |
7 |
|a design
|7 ph114303
|z Česko
|y 20. století
|2 czenas
|
| 650 |
0 |
7 |
|a design
|7 ph114303
|x dějiny
|2 czenas
|
| 650 |
0 |
9 |
|a design
|z Czechia
|y 20th century
|2 eczenas
|
| 650 |
0 |
9 |
|a design
|x history
|2 eczenas
|
| 655 |
|
7 |
|a kolektivní monografie
|7 fd501537
|2 czenas
|
| 655 |
|
9 |
|a collective monographs
|2 eczenas
|
| 700 |
1 |
|
|a Knobloch, Iva,
|d 1964-
|7 jx20070525033
|4 edt
|
| 700 |
1 |
|
|a Vondráček, Radim,
|d 1963-
|7 mzk2005266563
|4 edt
|
| 856 |
4 |
1 |
|u http://www.digitalniknihovna.cz/mzk/uuid/uuid:8f797810-eef9-11e8-a5a4-005056827e52
|y Digitalizovaný dokument
|x NDK
|
| 910 |
2 |
|
|a BOA001
|b 4-1379.548
|
| 928 |
9 |
|
|a UPM
|
| 990 |
|
|
|a BK
|
| 995 |
|
|
|a 01
|
| 991 |
|
|
|b 201701
|c NOV
|
| 996 |
6 |
|
|b 2610691467
|c 4-1379.548
|l MZK
|r Sklad / do 1 hodiny
|n 33
|p p.v.
|w 001592833
|u 000010
|a 1
|e BOA001
|j MZK50
|s P
|
| 996 |
6 |
|
|b 2610694774
|c 4-1379.548
|l MZK
|r HSS 4p
|n 0
|p kup
|h 7 KNO
|w 001592833
|u 000020
|a 0
|e BOA001
|j MZK50
|s P
|
| 996 |
7 |
|
|b 2610728863
|c 4-1379.548
|l MZK
|r Sklad / do 1 hodiny
|n 8
|p kup; Praha
|w 001592833
|u 000030
|a 1
|e BOA001
|j MZK50
|s A
|